| 000 -ლიდერი |
| ფიქსირებული სიგრძის საკონტროლო ველი |
01332nam a2200229Ia 4500 |
| 001 - საკონტროლო ნომერი |
| საკონტროლო ველი |
21516 |
| 003 - საკონტროლო ნომრის იდენტიფიკატორი |
| საკონტროლო ველი |
GE_BSU |
| 005 - ბოლო ოპერაციის თარიღი და დრო |
| საკონტროლო ველი |
20211126151055.0 |
| 008 - ფიქსირებული სიგრძის მონაცემთა ელემენტები - ზოგადი ინფორმაცია |
| ფიქსირებული სიგრძის საკონტროლო ველი |
181216s2017||||ge |||||||||||||| ||geo|| |
| 040 ## - კატალოგიზაციის წყარო |
| Transcribing agency |
GE_BSU |
| 041 ## - ენის კოდი |
| Language code of text/sound track or separate title |
geo |
| 080 ## - უნივერსალური ათობითი კლასიფიკაციის ინდექსი |
| Universal Decimal Classification number |
342.98 მ-99 |
| 100 ## - მთავარი ჩანაწერი - პიროვნების სახელი |
| Personal name |
მხატვარი, მ. |
| 9 (RLIN) |
13067 |
| 245 ## - ცნობა სათაურის შესახებ |
| Title |
დისციპლინური პასუხისმგებლობის სისტემა სამართალდამცავ ორგანოებში : |
| Remainder of title |
გენერალური ინსპექციების საქმიანობის მიმოხილვა / |
| Statement of responsibility, etc |
მიმოხილვის ავტორი მ. მხატვარი ; მიმოხილვის ხელმძღვ. ს. ვერძეული. |
| 264 ## - წარმოების, გამოცემის, დისტრიბუციის და სხვა ცნობები |
| გამოცემის, წარმოების, დისტრიბუციის... ადგილი |
თბილისი : |
| გამოცემის, წარმოების, დისტრიბუციის... სახელწოდება |
[?], |
| გამოცემის, წარმოების, დისტრიბუციის... თარიღი |
2017. |
| 300 ## - ფიზიკური აღწერა |
| Extent |
26 გვ. ; |
| Dimensions |
24 სმ. |
| 653 ## - INDEX TERM--UNCONTROLLED |
| Uncontrolled term |
გენერალური ინსპექციების საქმიანობის მიმოხილვა |
| 653 ## - INDEX TERM--UNCONTROLLED |
| Uncontrolled term |
დისციპლინური პასუხისმგებლობის სისტემა სამართალდამცავ ორგანოებში |
| 653 ## - INDEX TERM--UNCONTROLLED |
| Uncontrolled term |
სამართალი |
| 942 ## - ADDED ENTRY ELEMENTS (KOHA) |
| Koha item type |
წიგნი |
| Source of classification or shelving scheme |
|